Welcome to WEB OPAC of MRSPTU Central Library

A textbook of surveying (Record no. 92)

MARC details
000 -LEADER
fixed length control field 00340nam a2200145Ia 4500
008 - FIXED-LENGTH DATA ELEMENTS--GENERAL INFORMATION
fixed length control field 230711s9999||||xx |||||||||||||| ||und||
041 ## - LANGUAGE CODE
Language code of text/sound track or separate title ENG
082 ## - DEWEY DECIMAL CLASSIFICATION NUMBER
Classification number 624
Item number KO-S
100 ## - MAIN ENTRY--PERSONAL NAME
Personal name Kochhar,CL
245 #2 - TITLE STATEMENT
Title A textbook of surveying
250 ## - EDITION STATEMENT
Edition statement 1st
260 ## - PUBLICATION, DISTRIBUTION, ETC.
Date of publication, distribution, etc. 1992
Place of publication, distribution, etc. New Delhi
Name of publisher, distributor, etc. S.K Kataria & Sons
650 ## - SUBJECT ADDED ENTRY--TOPICAL TERM
Topical term or geographic name entry element Civil Engineering
942 ## - ADDED ENTRY ELEMENTS (KOHA)
Koha item type Book
Holdings
Withdrawn status Lost status Damaged status Not for loan Collection Home library Current library Date acquired Total checkouts Full call number Barcode Date last seen Price effective from Koha item type Date last checked out Date due
          MRSPTU Central Library MRSPTU Central Library     624 KO-S 623 08/17/2023 08/17/2023 Book    
          MRSPTU Central Library MRSPTU Central Library     624 KO-S 624 08/17/2023 08/17/2023 Book    
          MRSPTU Central Library MRSPTU Central Library   1 624 KO-S 625 12/31/2024 08/17/2023 Book 12/19/2024  
          MRSPTU Central Library MRSPTU Central Library     624 KO-S 626 08/17/2023 08/17/2023 Book    
          MRSPTU Central Library MRSPTU Central Library   3 624 KO-S 627 01/09/2026 08/17/2023 Book 12/11/2025  
          MRSPTU Central Library MRSPTU Central Library     624 KO-S 9206 08/17/2023 08/17/2023 Book    
          MRSPTU Central Library MRSPTU Central Library     624 KO-S 14617 08/17/2023 08/17/2023 Book    
          MRSPTU Central Library MRSPTU Central Library   1 624 KO-S 14618 09/11/2023 08/17/2023 Book 09/11/2023 09/11/2023
          MRSPTU Central Library MRSPTU Central Library   1 624 KO-S 14619 10/19/2023 08/17/2023 Book 10/19/2023 11/05/2023
          MRSPTU Central Library MRSPTU Central Library   4 624 KO-S 14620 01/02/2025 08/17/2023 Book 11/29/2024  
          MRSPTU Central Library MRSPTU Central Library     624 KO-S PBB623 08/17/2023 08/17/2023 Book    
          MRSPTU Central Library MRSPTU Central Library     624 KO-S PBB624 08/17/2023 08/17/2023 Book    
          MRSPTU Central Library MRSPTU Central Library     624 KO-S PBB625 08/17/2023 08/17/2023 Book    
          MRSPTU Central Library MRSPTU Central Library     624 KO-S PBB626 08/17/2023 08/17/2023 Book    
          MRSPTU Central Library MRSPTU Central Library     624 KO-S PBB627 08/17/2023 08/17/2023 Book    

Website Designed and Developed by MRSPTU Central Library Team

E-mail Id: librarian@mrsptu.ac.in